Explotació agrària i ordenació del territori / Margarida Camós i Ramió
Descripción Física:
47 p. ; 23'5 cm
Colección:
Quaderns rurals ; 1
Materias:
Agricultura -- Aspectes econòmics
MARC
| LEADER | 00000nam a2200000Ia 4500 | ||
|---|---|---|---|
| 001 | 1880 | ||
| 008 | 160829s9999 xx 000 0 cat d | ||
| 080 | |a FU-5-5 | ||
| 100 | |a Camós i Ramió, Margarida |9 24208 | ||
| 245 | |a Explotació agrària i ordenació del territori / Margarida Camós i Ramió | ||
| 260 | |a Barcelona : |b Diputació de Barcelona. Servei d'Agricultura i Ramaderia, dl 1986 | ||
| 300 | |a 47 p. ; |c 23'5 cm | ||
| 490 | |a Quaderns rurals ; 1 | ||
| 650 | |a Agricultura |x Aspectes econòmics |9 24209 | ||
| 710 | 1 | |a Barcelona (Catalunya : Província). |b Servei d'Agricultura i Ramaderia |9 54365 | |
| 901 | |a Arxiu | ||
| 942 | |n 1 | ||
| 952 | |0 0 |1 0 |4 0 |6 FU55 |7 1 |9 43023 |a Arxiu |b Arxiu |d 2016-12-01 |l 0 |o FU-5-5 |p 1880 |r 2016-12-01 00:00:00 |w 2016-12-01 |y ARXIU | ||
| 999 | |c 45566 |d 45566 | ||